| 000 | 01574cam a2200337 a 4500 | ||
|---|---|---|---|
| 001 | 2432 | ||
| 005 | 20231207104342.0 | ||
| 020 | _a9780099511861 | ||
| 040 |
_aUKM _cUKM _dBTCTA _dBAKER _dQBX _dDLC _beng |
||
| 050 | 0 | 0 |
_aPR4034 _b.M3 2008 |
| 082 | 0 | 0 |
_a823/.7 _222 |
| 100 | 1 |
_aAusten, Jane _d1775-1817 |
|
| 245 | 1 | 0 |
_aMansfield Park / _cJane Austen |
| 250 | _aPublished by Vintage 2008 | ||
| 260 |
_aLondon : _bVintage Books, _c2008 |
||
| 300 |
_a488 pages : _c20 cm |
||
| 520 | _aFanny Price is born to a poor family, but is sent to her mother's rich relations to be brought up with her cousins. There she is treated as an inferior by all except her cousin Edmund, whose kindness towards her earns him her steadfast love. Fanny is quiet and obedient and does not come into her own until her elder cousins leave the estate following a scandalous play put on in their father's absence. Fanny's loyalty and love is tested by the beautiful Crawford siblings. But their essentially weak natures and morals show them for what they really are, and allow Fanny to gain the one thing she truly desires. | ||
| 521 |
_a1180 _bLexile |
||
| 650 | 0 |
_aYoung women _vFiction. |
|
| 650 | 0 |
_aChildren of the rich _vFiction. |
|
| 650 | 0 |
_aSocial classes _vFiction. |
|
| 650 | 0 |
_aCountry homes _vFiction. |
|
| 650 | 0 |
_aAdoptees _vFiction. |
|
| 650 | 0 |
_aCousins _vFiction. |
|
| 650 | 0 |
_aUncles _vFiction. |
|
| 655 | 0 | _aDomestic fiction. | |
| 655 | 7 |
_aBildungsromans. _2gsafd |
|
| 655 | 7 |
_aLove stories. _2gsafd |
|
| 906 |
_a7 _bcbc _ccopycat _d2 _encip _f20 _gy-gencatlg |
||
| 942 |
_2ddc _cBK _n0 |
||
| 999 |
_c2432 _d2432 |
||